000 00927cam a22002897a 4500
001 15531151
003 NUST
005 20220301130640.0
008 081121s2006 enka 000 0 eng
010 _a 2008278188
020 _a9780340905869 (pbk.)
038 _awaseem
040 _aDLC
_cDLC
_dDLC
_dDLC
050 0 0 _aRC537
_b.W545 2006
082 _a616.8527
_bWIL
100 1 _aWilliams, Chris,
_d1964-
_990065
245 1 0 _aOvercoming depression and low mood :
_ba five areas approach /
_cChris Williams.
250 _a2nd ed.
260 _aGreat Britain :
_bHodder Arnold,
_c2006.
300 _a1 v. (various pagings) :
_bill. ;
_c30 cm.
563 _aPBK.
650 0 _aDepression, Mental.
_990066
700 1 _aWilliams, Chris,
_d1964-
_tOvercoming depression.
_990067
906 _a7
_bcbc
_corigcop
_d2
_encip
_f20
_gy-gencatlg
942 _2ddc
_cBK
999 _c588470
_d588470